Normal view
MARC view
Entry Personal Name
001 - CONTROL NUMBER
- control field: 6458
003 - CONTROL NUMBER IDENTIFIER
- control field: OSt
005 - DATE AND TIME OF LATEST TRANSACTION
- control field: 20151202184513.0
008 - FIXED-LENGTH DATA ELEMENTS
- fixed length control field: 151202|| aca||aabn | a|a d
040 ## - CATALOGING SOURCE
- Original cataloging agency: OSt
- Transcribing agency: OSt
100 ## - HEADING--PERSONAL NAME
- Personal name: Edited by Furniss Todd,w.
670 ## - SOURCE DATA FOUND
- Source citation: Work cat.: (OSt): Edited by Furniss Todd,w., Higher Education for Everybody., 1971.
